Haitian Department Capitals - Statistics

General Stats
  • This quiz has been taken 38 times
  • The average score is 7 of 9
Answer Stats
Hint Answer % Correct
Ouest Port-au-Prince
100%
Nord Cap-Haitien
73%
Centre Hinche
73%
Sud-Est Jacmel
73%
Grand Anse Jeremie
73%
Sud Les Cayes
73%
Nord-Est Fort-Liberte
64%
Artibonite Gonaives
64%
Nord-Ouest Port-de-Paix
64%
No matching quizzes found
Score Distribution
Percent of People with Each Score
Percentile by Number Answered
Your Score History
You have not taken this quiz